[Event "Gran Canaria-ch Seniors 50"]
[Site "Gran Canaria"]
[Date "2020.02.11"]
[Round "3"]
[White "Gonzalez Nocedo, Jaime"]
[Black "Diaz Hernandez, Juan Jose"]
[Result "1-0"]
[WhiteElo "1514"]
[BlackElo "1031"]
[PlyCount "73"]
[EventDate "2020.02.04"]
[EventType "swiss"]
[EventRounds "7"]
[EventCountry "ESP"]
[SourceTitle "CBM 195 Extra"]
[Source "ChessBase"]
[SourceDate "2020.05.31"]
[SourceVersion "1"]
[SourceVersionDate "2020.05.31"]
[SourceQuality "1"]

1. d4 Nf6 2. Bf4 d5 3. e3 Nc6 4. Bd3 Bg4 5. f3 Bh5 6. c3 e6 7. Qc2 Be7 8. Nd2 Nd7 9. Ne2 Bh4+ 10. Bg3 a6 11. Nf4 Qg5 12. Kf2 Nf6 13. e4 Ne7 14. e5 Qxf4 15. exf6 Qxf6 16. Bxh4 Qxh4+ 17. g3 Qf6 18. Rae1 0-0 19. Bxh7+ Kh8 20. Bd3 g5 21. Kg2 b5 22. Rhf1 Rg8 23. Qb1 Rg7 24. Nb3 g4 25. f4 Bg6 26. Nc5 Rh7 27. Nd7 Qg7 28. Ne5 Bf5 29. Qd1 Kg8 30. Bxf5 exf5 31. Nxg4 fxg4 32. Rxe7 Qh6 33. Rh1 Qh3+ 34. Kg1 Kg7 35. Qe1 Rah8 36. Qe5+ Kg6 37. Qg5# 1-0

[Event "Liga Insular Gran Canaria 2a"]
[Site "Las Palmas"]
[Date "2019.03.23"]
[Round "4.2"]
[White "Diaz Hernandez, Juan Jose"]
[Black "Gaggero, Flavio"]
[Result "0-1"]
[WhiteElo "1001"]
[BlackElo "1549"]
[PlyCount "74"]
[EventDate "2019.03.02"]
[EventType "team-tourn"]
[EventRounds "7"]
[EventCountry "ESP"]
[SourceTitle "EXT 2021"]
[Source "ChessBase"]
[SourceDate "2020.10.23"]
[SourceVersion "1"]
[SourceVersionDate "2020.10.23"]
[SourceQuality "1"]
[WhiteTeam "Sociedad La Montana V"]
[BlackTeam "Cadetra"]
[WhiteTeamCountry "ESP"]
[BlackTeamCountry "ESP"]

1. d4 Nf6 2. Nc3 d5 3. Bf4 c6 4. Nf3 Bf5 5. Nh4 Bg6 6. h3 e6 7. e3 Bb4 8. f3 Nh5 9. Nxg6 hxg6 10. Qd2 Qh4+ 11. g3 Nxg3 12. Bxg3 Qxg3+ 13. Qf2 Qxf2+ 14. Kxf2 Nd7 15. Na4 b5 16. a3 Be7 17. Nc3 a6 18. Bg2 c5 19. Ne2 Rc8 20. Rhc1 Bf6 21. c3 Nb6 22. b3 0-0 23. f4 Rc7 24. dxc5 Rxc5 25. b4 Rc7 26. Kg3 Nc4 27. Kf3 Nd2+ 28. Kg4 Nb3 29. Rab1 Nxc1 30. Rxc1 Rfc8 31. e4 dxe4 32. Bxe4 Bxc3 33. Bb7 Rxb7 34. Rxc3 Rxc3 35. Nxc3 Rc7 36. a4 Rxc3 37. axb5 axb5 0-1

[Event "Gran Canaria Galdos op 2nd"]
[Site "Gran Canaria"]
[Date "2017.05.04"]
[Round "2"]
[White "Perez Bolanos, Joel"]
[Black "Diaz Hernandez, Juan Jose"]
[Result "1-0"]
[WhiteElo "1353"]
[BlackElo "1011"]
[PlyCount "90"]
[EventDate "2017.05.03"]
[EventType "swiss"]
[EventRounds "5"]
[EventCountry "ESP"]
[SourceTitle "CBM 178 Extra"]
[Source "ChessBase"]
[SourceDate "2017.06.22"]
[SourceVersion "1"]
[SourceVersionDate "2017.06.22"]
[SourceQuality "1"]

1. e4 d6 2. d4 Nc6 3. Bb5 Bd7 4. Nf3 h6 5. 0-0 Nf6 6. Nc3 e5 7. Re1 a6 8. Bc4 g5 9. dxe5 dxe5 10. Nd5 Be6 11. Nxf6+ Qxf6 12. Bxe6 Qxe6 13. Be3 Be7 14. Qe2 g4 15. Nd2 Bg5 16. Nb3 b6 17. Rad1 Bf6 18. a3 h5 19. Nd2 Nd4 20. Bxd4 exd4 21. e5 Be7 22. Ne4 c5 23. Nf6+ Kf8 24. Ne4 h4 25. f3 c4 26. fxg4 Rg8 27. h3 Qxe5 28. Qf3 Rd8 29. Rf1 Rg7 30. Qf5 Rd5 31. Qxe5 Rxe5 32. Nd2 b5 33. Nf3 Rd5 34. Rxd4 Bc5 35. Rfd1 Rgg5 36. Nxg5 Rxd4 37. Rxd4 Bxd4+ 38. Kf1 Bxb2 39. Nf3 Bxa3 40. Ke1 Bb2 41. Kd2 c3+ 42. Kd3 a5 43. Nd4 a4 44. Nxb5 a3 45. Nxc3 Ke7 1-0

[Event "Las Palmas Cabildo op"]
[Site "Las Palmas"]
[Date "2017.03.17"]
[Round "3"]
[White "Cano Aguero, Francisco"]
[Black "Diaz Hernandez, Juan Jose"]
[Result "1-0"]
[WhiteElo "1286"]
[BlackElo "1011"]
[PlyCount "77"]
[EventDate "2017.03.10"]
[EventType "swiss"]
[EventRounds "7"]
[EventCountry "ESP"]
[SourceTitle "EXT 2018"]
[Source "ChessBase"]
[SourceDate "2017.10.13"]
[SourceVersion "1"]
[SourceVersionDate "2017.10.13"]
[SourceQuality "1"]

1. e4 e5 2. Nf3 Nc6 3. Bb5 Bc5 4. 0-0 h6 5. Bxc6 dxc6 6. Nxe5 h5 7. c3 Qe7 8. d4 Bd6 9. Nc4 Be6 10. d5 Bd7 11. e5 Bc5 12. b4 Bb6 13. Nxb6 cxb6 14. c4 0-0-0 15. Qa4 a6 16. d6 Qxe5 17. Nc3 Qxd6 18. c5 Qg6 19. Bf4 Ne7 20. Rfe1 Nd5 21. Nxd5 cxd5 22. Qb3 Bc6 23. Re7 d4 24. Rc7+ Kb8 25. Rxc6+ Ka8 26. Rxg6 fxg6 27. cxb6 d3 28. Rd1 Rhe8 29. Be3 d2 30. Rxd2 Rxd2 31. Bxd2 Kb8 32. Bf4+ Ka8 33. h4 g5 34. hxg5 g6 35. Qf7 Rc8 36. Qd7 Rg8 37. Bc7 h4 38. Bd8 Kb8 39. Qc7+ 1-0

[Event "Gran Canaria Dominguez Memorial 3rd"]
[Site "Gran Canaria"]
[Date "2016.05.31"]
[Round "5"]
[White "Diaz Hernandez, Juan Jose"]
[Black "Garcia Cruz, Jose Manuel"]
[Result "0-1"]
[WhiteElo "1034"]
[BlackElo "1355"]
[PlyCount "70"]
[EventDate "2016.05.17"]
[EventType "swiss"]
[EventRounds "7"]
[EventCountry "ESP"]
[SourceTitle "CBM 172 Extra"]
[Source "ChessBase"]
[SourceDate "2016.06.21"]
[SourceVersion "1"]
[SourceVersionDate "2016.06.21"]
[SourceQuality "1"]

1. d4 Nf6 2. Nc3 g6 3. e4 d6 4. Bc4 Bg7 5. h3 0-0 6. Nf3 Nbd7 7. Bf4 c5 8. d5 a6 9. a3 b5 10. Ba2 Nb6 11. 0-0 b4 12. axb4 cxb4 13. Ne2 Nxe4 14. b3 Bxa1 15. Qxa1 Nxd5 16. Bh6 Ndc3 17. Nxc3 Nxc3 18. Nd4 Qb6 19. Ne2 Nxe2+ 20. Kh1 Nc3 21. f3 Re8 22. Re1 f6 23. Re3 e5 24. Rxc3 bxc3 25. b4+ Be6 26. Bxe6+ Rxe6 27. Qxc3 Kf7 28. h4 Qb7 29. Qd3 e4 30. Qb3 exf3 31. gxf3 a5 32. h5 Qxb4 33. Qd5 Rae8 34. hxg6+ hxg6 35. Qc6 Qh4+ 0-1

[Event "Gran Canaria Dominguez Memorial 3rd"]
[Site "Gran Canaria"]
[Date "2016.05.26"]
[Round "4"]
[White "Macias Reyes, Jose Luis"]
[Black "Diaz Hernandez, Juan Jose"]
[Result "1-0"]
[WhiteElo "1495"]
[BlackElo "1034"]
[PlyCount "55"]
[EventDate "2016.05.17"]
[EventType "swiss"]
[EventRounds "7"]
[EventCountry "ESP"]
[SourceTitle "CBM 172 Extra"]
[Source "ChessBase"]
[SourceDate "2016.06.21"]
[SourceVersion "1"]
[SourceVersionDate "2016.06.21"]
[SourceQuality "1"]

1. d4 e6 2. c4 d5 3. Nc3 Bb4 4. a3 Ba5 5. b4 Bb6 6. c5 Nc6 7. cxb6 axb6 8. b5 Nce7 9. Nf3 h6 10. Ne5 Nf6 11. e3 c6 12. bxc6 bxc6 13. Be2 h5 14. 0-0 Bb7 15. Rb1 Qc7 16. Na4 b5 17. Nc5 Ng4 18. Bxg4 hxg4 19. Qxg4 g6 20. Qf4 Nf5 21. a4 Ba6 22. axb5 Bxb5 23. Rd1 Rb8 24. Nxg6 Qxf4 25. Nxf4 Ke7 26. Bd2 Kd6 27. Bb4 Rb7 28. Nxb7+ 1-0

[Event "Gran Canaria Cabildo op"]
[Site "Gran Canaria"]
[Date "2016.03.01"]
[Round "5"]
[White "Sanchez Montesdeoca, Isaac"]
[Black "Diaz Hernandez, Juan Jose"]
[Result "1-0"]
[WhiteElo "1779"]
[BlackElo "1030"]
[PlyCount "50"]
[EventDate "2016.02.16"]
[EventType "swiss"]
[EventRounds "9"]
[EventCountry "ESP"]
[SourceTitle "CBM 171 Extra"]
[Source "ChessBase"]
[SourceDate "2016.04.26"]
[SourceVersion "1"]
[SourceVersionDate "2016.04.26"]
[SourceQuality "1"]

1. e4 e5 2. d4 Bd6 3. Nf3 h6 4. dxe5 Bc5 5. Bc4 d6 6. 0-0 Bg4 7. Bxf7+ Kxf7 8. Ng5+ hxg5 9. Qxg4 Rh4 10. e6+ Kf8 11. Qe2 Bd4 12. c3 Be5 13. g3 Rh8 14. f4 gxf4 15. gxf4 Bf6 16. e5 Be7 17. Be3 Nh6 18. f5 Nxf5 19. Rxf5+ Kg8 20. Nd2 Qe8 21. Qg4 Rh4 22. Qg2 Nc6 23. Nf3 Rh8 24. Rf1 dxe5 25. Rf7 Rh5 1-0